000 00300nam a22001217a 4500
082 _a530
_bRES/P
100 _aRESONANCE
245 _aRANK BOOSTER PHYSICS
_bCLASS XI & XII
260 _aKOTA
_bRESONANCE EDUVENTURES
_c2018
300 _a443
650 _aNEET PHYSICS ENTRANCE COACHING
_zINDIA
942 _cBK
999 _c972
_d972